000 01484nam a2200313 a 4500
001 60638
003 BD-RjUL
005 20211209080851.0
008 170102s1994 bg a s o000 0 eng d
020 _a9845081142
_c: Complimentary
020 _a9845081142
_c: Tk. 400.00 (Inland)
035 _a(BD-RjUL)60762
040 _aDLC
_cDLC
_dDLC
_dBD-RjUL
_beng
041 0 _aengben
082 _223
_a304.6095492021
_bFAR 1994 (ZS)
110 _aBangladesh Bureau Of Statistics.
_9179266
245 1 0 _aBangladesh population census, 1991 = বাংলাদেশ আদমশুমারী, ১৯৯১ :
_bZila series, Zila: Faridpur = জেলা সিরিজ, জেলা: ফরিদপুর /
_cBangladesh Bureau Of Statistics.
246 _aবাংলাদেশ আদমশুমারী, ১৯৯১ :
_bজেলা সিরিজ, জেলা: ফরিদপুর
260 _aDhaka :
_bBangladesh Bureau of Statistics,
_c1994.
300 _axviii, 362 p. :
_bill. ;
_c28 cm.
490 _aZila series, Zila: Faridpur
490 _aজেলা সিরিজ, জেলা: ফরিদপুর
500 _aPrefatory matter in Bengali and English.
651 0 _aBangladesh
_zFaridpur
_vCensus,1991
_9180324
651 0 _aBangladesh
_zFaridpur
_xPopulation
_vStatistics
_9180325
_y1991
830 _aZila series, Zila: Faridpur
_9181989
830 _aজেলা সিরিজ, জেলা: ফরিদপুর
_9180637
942 _2ddc
_cRAR
999 _c60638
_d60638